00443nam a2200133 a 450000500170000000800410001705000170005824500430007565000090011865000420012794200080016999900190017795201130019620141022142000.0090305s19uu xx 00 eng d aVHSbA1 1996 aAdvance Care Skills: Isolation Skills. aVHS. aAdvance Care Skills: Isolation Skills cAVM c276239d276239 00104050aCLbCLcAVd2010-08-28eLib. Fundl0oVHS A1 1996pAVM0053r2014-11-11 00:00:00w2014-04-12yAVM